000 02088nam a2200241 a 4500
005 20141215145150.0
008 140128b2007 ck ||||| |||| 00| 0 spa d
040 _cCO-BoIH
041 _aspa
044 _ack
090 _aIAVH
_b00793
111 _aTaller Regional del Grupo Técnico Proceso de Construcción del Plan de Acción SINAP
_cPereira
_dseptiembre 7-9, 2007
_930162
245 _aMemorias del taller regional del grupo técnico proceso de construcción del plan de acción SINAP
260 _aPereira
_bCARDER
_bInstituto Alexander von Humboldt
_c2007
300 _a56 p.
505 _aContenido CD: Presentaciones: Antecedentes y avances del SIRAP eje cafetero en temas relacionados con referentes ambientales para áreas protegidas y otros suelos de protección -- Elementos a enfatizar en los procesos de actualización de los determinantes ambientales para la elaboración y revisión de los planes de ordenamiento territorial -- Competencias de las autoridades ambientales en el ordenamiento territorial -- Determinantes ambientales y áreas protegidas / César Augusto Rey -- Referentes ambientales CARDER -- Suelos de protección en el ordenamiento ambiental de los municipios del Valle del Cauca CVC 2007 -- Áreas protegidas y otros suelos de protección en el Departamento de Caldas CORPOCALDAS -- Asuntos exclusivamente ambientales a concertar con la autoridad ambiental -- Copia del documento impreso
520 _aEl CD contiene varios documentos entre los cuales se destacan los antecedentes sobre los referentes ambientales en el SIRAP EC; ajustes a la ley 338 de Ordenamiento territorial e implicaciones en los POT, EOT y PBOT; Determinantes ambientales en Risaralda: suelos de protección; suelos de protección en el ordenamiento ambiental de los municipios del Valle del Cauca, Áreas protegidas y otros suelos de protección en el departamento de Caldas
650 _aPlan de acción
_930163
650 _aSIRAP-EC
_95412
662 _aColombia
_cSantuario de Flora y Fauna Otún Quimbaya
_bRisaralda
942 _cINFORME
_2z
945 _d2008-06-18
999 _c6310
_d6310